000 00276nam a22001337a 4500
008 170526b xxu||||| |||| 00| 0 eng d
020 _a0809656966
041 _aeng
080 _a007.52
100 _a27
101 _aIM
245 _aSOFTWARE
_cVIRGINA.A
942 _2udc
_cBK
999 _c14387
_d14387